000 00625nmm a2200169Ia 4500
008 251105s9999||||xx |||||||||||||||||und||
020 _a9789587383140
041 _aspa
100 _aMayorga García, Fernando
245 0 _aHistoria de la Organización Electoral en Colombia (1888-2012): Vicisitudes de la consolidación democrática en un país complejo
264 _a[Bogotá, Colombia] :
_bUniversidad del Rosario,
_c2013
300 _a247 páginas
490 _aTextos de Jurisprudencia
650 _aHistory of the Americas: Latin America
856 _uhttps://public.digitaliapublishing.com/a/60943
942 _cCF
999 _c95745
_d95745